000 00353pab a2200145 454500
008 180718b2006 xxu||||| |||| 00| 0 eng d
100 _aBeadle, Ron
245 _aMaclntyre on virtue and organization
260 _c2006
300 _ap.323-40.
650 _aOrganizations
700 _aMoore, Geoff
773 _aOrganization Studies
909 _a69263
999 _c69263
_d69263